000 00370nam a22001577a 4500
005 20160905163536.0
008 160905b xxu||||| |||| 00| 0 eng d
020 _a978-93-272-635-2
041 _aeng
100 _aDhaliwal,G.S
_93512
245 _aIntegrated Pest Management
260 _bKalyani
_c2016
300 _a469
650 _aAgricultural
_93475
942 _cBK
999 _c5212
_d5210